| 000 | 01750nam a2200241Ia 4500 | ||
|---|---|---|---|
| 008 | 260220t1967||||xx |||||||||||||| ||spa|| | ||
| 040 |
_aPY-SlUNAC _bspa _erda |
||
| 041 | _aspa | ||
| 082 |
_a301 _bSyl57s |
||
| 100 |
_aSylvester, Erich _eAutor |
||
| 245 | 0 |
_aHonre la índole del hombre : _bla sabiduría de los pueblos antiguos / _cpor Erich Sylvester [Autor] |
|
| 264 |
_aMadrid : _bEspasa-Calpe, _c℗1967. |
||
| 300 | _a1 volumen | ||
| 520 | _aEn "Honre la índole del hombre: la sabiduría de los pueblos antiguos", Erich Sylvester explora la riqueza del pensamiento y la cultura de civilizaciones antiguas, resaltando su relevancia en el contexto contemporáneo. A través de un análisis exhaustivo de textos y tradiciones de diversas culturas, el autor pone de manifiesto cómo estas sociedades han enfrentado los dilemas existenciales y éticos que persisten en la actualidad. Sylvester argumenta que la sabiduría acumulada por los pueblos antiguos, en áreas como la filosofía, la moral y la relación con la naturaleza, ofrece lecciones valiosas para entender la condición humana y fomentar una convivencia armónica. El libro invita al lector a reflexionar sobre la conexión entre el pasado y el presente, abogando por un retorno a principios fundamentales que promuevan el respeto y la comprensión mutua. En última instancia, la obra se erige como un puente entre la herencia cultural de la humanidad y los desafíos contemporáneos que enfrenta la sociedad moderna. | ||
| 653 | _aAntropología | ||
| 653 | _aCulturas antiguas | ||
| 653 | _aSabiduría | ||
| 942 |
_b2026/02/17 _cBK |
||
| 999 |
_c6894 _d6894 |
||